Saskatoon Neighbourhoods - Statistics

General Stats
  • This quiz has been taken 9 times
  • The average score is 37 of 66
Answer Stats
Answer % Correct
Adelaide/Churchill
100%
Aspen Ridge
100%
City Park
100%
College Park
100%
Eastview
100%
Evergreen
100%
Exhibition
100%
Lakeridge
100%
Lakeview
100%
Lakewood Urban Centre
100%
Mount Royal
100%
Nutana
100%
Nutana Urban Centre
100%
Rosewood
100%
Stonebridge
100%
Briarwood
75%
Buena Vista
75%
College Park East
75%
Confederation Urban Centre
75%
Kensington
75%
Lawson Heights
75%
Lawson Heights Urban Centre
75%
Riversdale
75%
Sutherland
75%
Wildwood
75%
Willowgrove
75%
Avalon
50%
Brighton
50%
Confederation Park
50%
Downtown
50%
Dundonald
50%
Greystone Heights
50%
Grosvenor Park
50%
Hampton Village
50%
Haultain
50%
Holliston
50%
Hudson Bay Park
50%
King George
50%
Mayfair
50%
Pleasant Hill
50%
Queen Elizabeth
50%
River Heights
50%
Silverwood Heights
50%
Arbor Creek
25%
Brevoort Park
25%
Caswell Hill
25%
Elk Point
25%
Erindale
25%
Fairhaven
25%
Forest Grove
25%
Holiday Park
25%
Massey Place
25%
Meadowgreen
25%
Montgomery Place
25%
North Park
25%
Nutana Park
25%
Parkridge
25%
Richmond Heights
25%
The Willows
25%
University Heights Urban Centre
25%
Varsity View
25%
Westmount
25%
Westview
25%
Blairmore Urban Centre
0%
Pacific Heights
0%
Silverspring
0%
No matching quizzes found
Score Distribution
Percent of People with Each Score
Percentile by Number Answered
Your Score History
You have not taken this quiz